00383nam a2200121Ia 4500008004100000040001600041041001200057082002200069100002800091245009200119260003900211300001100250230917s9999||||xx |||||||||||||| ||und|| e30303aMAIN aEnglish a362.7120954 F519F aSovaminathan, Mina ,ed. 0aFirst five years: A critical perspective on early childhood care and education in India aNew DelhibSage Publicationsc1998 a312 p.